书目信息 |
| 题名: |
高科技与医学人文
|
|
| 作者: | 李传俊 徐国桓 | |
| 分册: | ||
| 出版信息: | 广州 广东人民出版社 2001 |
|
| 页数: | 468 | |
| 开本: | 20cm | |
| 丛书名: | ||
| 单 册: | ||
| 中图分类: | R-05 | |
| 科图分类: | ||
| 主题词: | 医药学--关系 | |
| 电子资源: | ||
| ISBN: | 7-218-03599-X | |
| 000 | 00549nam0 2200181 450 | |
| 001 | 0741144344 | |
| 005 | 20070817112544.34 | |
| 010 | @a7-218-03599-X@d¥29.80 | |
| 100 | @a20070817d km y0chiy0120 ea | |
| 101 | 0 | @achi |
| 200 | 1 | @a高科技与医学人文@Agao ke ji yu yi xue ren wen@f李传俊 徐国桓等@Fli chuan jun xu guo huan deng |
| 210 | @a广州@c广东人民出版社@d2001 | |
| 215 | @a468@d20cm | |
| 606 | 0 | @a医药学@x关系 |
| 690 | @aR-05@v3 | |
| 701 | 0 | @a李传俊 徐国桓@Ali chuan jun xu guo huan |
| 801 | 0 | @aCN@bPFT@c20070817 |
| 905 | @a213230@dR-05@en1@f1 | |
| 高科技与医学人文/李传俊 徐国桓等.-广州:广东人民出版社,2001 |
| 468;20cm |
| ISBN 7-218-03599-X:¥29.80 |
| ● |
| 相关链接 |
|
|
|
|
正题名:高科技与医学人文
索取号:R-05/n1
 
预约/预借
| 序号 | 登录号 | 条形码 | 馆藏地/架位号 | 状态 | 备注 |
| 1 | 6600862 | 266008624 | 密集书库-生命科学系/ [索取号:R-05/n1] | 在馆 |